| 000 | 00729nam a22002537a 4500 | ||
|---|---|---|---|
| 001 | 8993 | ||
| 003 | FISKH | ||
| 005 | 20251113095548.0 | ||
| 008 | 251113b cb ||||| |||| 00| 0 eng d | ||
| 040 |
_aFISKH _beng _cFISKH _dFISKH |
||
| 050 | _aPZ7.H672 C | ||
| 082 | _a428.6 | ||
| 100 |
_aHoff, Syd _eAuthor |
||
| 245 |
_aChester / _cStory and pictures by Syd Hoff |
||
| 260 |
_aNew York : _bHarper & Row , _c1961 |
||
| 300 |
_a64 pages : _bcolor illustrations ; _c23 cm |
||
| 505 | _aG | ||
| 520 | _aA wild horse searches for someone to love and care for him. | ||
| 521 | 8 |
_a400
_bLexile estimate |
|
| 521 | 8 |
_aG
_bRaz-Plus |
|
| 650 |
_aAnimal stories _vChildren's literature |
||
| 942 |
_2ddc _cBK _n0 |
||
| 999 |
_c8993 _d8993 |
||